1384 1894 1145 1837 1851 1333 1758 1998 1598 1308 1368 1084 1347 1871 1709 1003 1050 1979 1257 1762 1116 1292 1771 1778 1919 1260 1646 1240 1326 1787 1952 1128 1688 1198 1923 1052 1055 1914 1635 1194 1777 1840 1800 1416 1191 1160 1994 1144 1395 1626 1302 1357 1023 1183 1962 1211 1832 1160 1131 1757 1780 1465 1204 1454 1953 1919 1758 1613 1546 1439 1173 1245 1702 1637 1982 1155 1310 1534 1230 1114 1067 1437 1309 1606 1846 1362 1696 1024 1011 1231 1054 1755 1006 1880 1277 1419 1027 1169 1906 BCNSPRNW ULIB Ver.6.0+V

เปลี่ยนเป็นภาษาไทย

Change to English
 แสดงรายละเอียดบรรณานุกรม
  กลับหน้าหลัก

Brief Record : Get Marc (ISO 2709) : E-mail record : QR code < ปิดหน้าต่าง
LEADER : 00000nam 2200000uu 4500
001    13399120823
003     ULIB
008    121018s2549||||th 000 0 tha d
060  4 ^aWB103^bศ275ค 2549
100 0  ^aศรีสุดา เอกลัคนารัตน์
245 00 ^aคู่มือการสร้างเสริมสุขภาพเด็ก/^cศรีสุดา เอกลัคนารัตน์
260    ^aนครสวรรค์:^bวิทยาลัยพยาบาลบรมราชชนนี สวรรค์ประชารักษ์ นครสวรรค์,^c2549
300    ^a50 หน้า
650  7 ^aการสร้างเสริมสุขภาพเด็ก
650  7 ^aเด็ก^xการสร้างเสริมสุขภาพ
710 2  ^aกระทรวงสาธารณสุข.^bสถาบันพระบรมราชนก.^bวิทยาลัยพยาบาลบรมราชชนนี สวรรค์ประชารักษ์ นครสวรรค์.
945    ^p0^l0^i24477
945    ^p0^l0^i24478
995    ^aกัณชพร
999 ^a ใช้งานได้ทุกระบบ
รายการนี้ยังไม่มีแท็ก
คุณยังไม่ได้ล็อกอิน คุณสามารถมีกิจกรรมร่วมกับเว็บไซต์ได้ แต่ต้องล็อกอินก่อน ::
  ล็อกอิน

รายการสื่อสารสนเทศ

ลำดับที่ ประเภท เลขเรียก/บาร์โค้ด สถานที่ สถานะ
1. วิทยาศาสตร์การแพทย์ และสุขภาพ
วิทยาศาสตร์การแพทย์ และสุขภาพ
WB103 ศ275ค 2549  
  Barcode: 24477
ห้องสมุดวิทยาเขตสวรรค์ประชารักษ์
►ส่วนจัดเก็บหนังสือเก่า สปร
บนชั้น
  ขอยืม
2. วิทยาศาสตร์การแพทย์ และสุขภาพ
วิทยาศาสตร์การแพทย์ และสุขภาพ
WB103 ศ275ค 2549 ฉ.2 
  Barcode: 24478
ห้องสมุดวิทยาเขตสวรรค์ประชารักษ์
►หนังสือทั่วไป
บนชั้น

รายการใกล้เคียง
    ผู้แต่ง [ศรีสุดา เอกลัคนารัตน์]

    หัวเรื่อง [การสร้างเสริมสุขภาพเด็ก]

BibComment


ยังไม่เคยถูกคอมเมนท์

คอมเมนท์ทรัพยากรรายการนี้
  คอมเมนท์: คู่มือการสร้างเส..


 Copyright 2026. Bcnsprnw @Library